| 000 | 00902nam a22002417a 4500 | ||
|---|---|---|---|
| 008 | 081001t xxu||||| |||| 00| 0 eng d | ||
| 010 | _aENG-91087 | ||
| 020 |
_a9788189915407 _c980.00 |
||
| 035 | _aEN-74620 | ||
| 037 | _bDBAD / PUB | ||
| 040 |
_adpl _bEnglish |
||
| 082 | _a338.4791 | ||
| 100 | _aPathania, Kulwant Singh | ||
| 245 |
_aEcotourism / _cby Kulwant Singh Pathania [and] Arun Kumar |
||
| 260 |
_aNew Delhi _bRegal Publications _c2008 |
||
| 270 |
_aF-159, Rajouri Garden, _bNew Delhi _e110027 |
||
| 300 |
_axii, 290p. _c22cm (Hb) |
||
| 500 | _aIncludes bibliographical references and index | ||
| 650 | _aEcotourism | ||
| 700 | _aArun Kumar | ||
| 942 |
_2ddc _cEN _mPAT _h338.4791 |
||
| 999 |
_c16103 _d16103 |
||